000 01204nam0a22002771 4500
001 rc\3928337
005 20260407213353.0
021 _aRU
_b[52-12549]
035 _a(NLR Aleph) 008030543
090 _a8818301
_c8818301
100 _a20130415d1952 |||y0rusy50 ca
101 0 _arus
102 _aRU
105 _ay c |||||
200 1 _aАгротехнические указания по приготовлению и применению компостов
_fМ-во мясной и молочной пром-сти СССР. Отд. с.-х. пропаганды
210 _aМосква
_cБ. и.
_d1952
215 _a6 с.
_d20
300 _aНа обороте тит. л. сост: канд. с.-х. наук Мамченков И.П.
606 _aКомпост
_2psbo
702 1 _aМамченков
_bИ.П.
_gИван Прохорович
_4220
712 0 1 _aСССР
_bМинистерство мясной и молочной промышленности
_bОтдел сельскохозяйственной пропаганды
_3RU\NLR\AUTH\8810142853
_9780335
801 0 _aRU
_bNLR
_gpsbo
801 1 _aRU
_bELAR
_2rusmarc
852 _aNLR
_jС30 Г-4/827
942 _cBOOK
980 _aNB